|
|
|
|
| LEADER |
00000nam a2200000Ia 4500 |
| 001 |
DIGANR0172 |
| 006 |
m d |
| 007 |
cr ||||||||||| |
| 008 |
100325s1989 sp ac b 000 0 spa d |
| 035 |
|
|
|a (OCoLC)1335126334
|
| 040 |
|
|
|a DGITA
|b eng
|e pn
|c DGITA
|
| 245 |
0 |
0 |
|a Jacques Derrida :
|b una teoría de la escritura, la estrategia de la deconstrucción: presencia del pensamiento de J. Derrida en España.
|
| 264 |
|
1 |
|a Barcelona :
|b Anthropos, Editorial del Hombre,
|c 1989.
|
| 300 |
|
|
|a 1 online resource (64, [31] p.) :
|b illustrations, portraits.
|
| 336 |
|
|
|a text
|b txt
|2 rdacontent
|
| 337 |
|
|
|a computer
|b c
|2 rdamedia
|
| 338 |
|
|
|a online resource
|b cr
|2 rdacarrier
|
| 490 |
1 |
|
|a Anthropos: revista de documentación científica de la cultura,
|x 02115611 ;
|v 93.
|
| 500 |
|
|
|a Cover title.
|
| 500 |
|
|
|a "N.° 93, Febrero 1989" --P. [2] of cover.
|
| 500 |
|
|
|a "Este número se complementa con el Suplemento no 13 (1989): "Cómo no hablar?" y otros textos.
|
| 504 |
|
|
|a "Documentación cultural e información bibliográfica: informes y bibliografía temática: Jacques Derrida " ([31] p.) laid after p. 64 in this digital copy.
|
| 600 |
1 |
0 |
|a Derrida, Jacques,
|d 1930-2004
|x Criticism and interpretation.
|
| 650 |
|
0 |
|a Deconstruction.
|
| 650 |
|
0 |
|a Semiotics and literature.
|
| 655 |
|
7 |
|a Periodicals.
|2 lcgft
|
| 700 |
1 |
|
|a Derrida, Jacques,
|d 1930-2004
|
| 791 |
2 |
|
|a Digitalia (Firm),
|e distributor.
|
| 793 |
0 |
|
|g Digitalia e-journal Collection:
|a Anthropos
|
| 830 |
|
0 |
|a Anthropos (Barcelona, Spain) ;
|v 93.
|
| 856 |
4 |
0 |
|3 Digitalia Hispánica
|u https://www.digitaliapublishing.com/a/3614/
|